000 00791nas a2200241 4500
001 BR8102546
003 BR-BrBNA
005 20231205084709.0
007 ta
008 230509b bl.|||p| |||| 00| 00por d
040 _aBR-BrBNA
_bpor
_cBiblioteca Nacional de Agricultura
041 _a(Pt)
072 _aL00
100 1 _aMouchrek, E.
245 1 _aIluminacao artificial durante a recria de poedeiras comerciais, situacao atual e vantagens economicas [Galinha]
650 _aProducao animal
650 _aGalinha
650 _aManejo
650 _aRecria
773 0 _tInforme Agropecuario - Empresa de Pesquisa Agropecuaria de Minas Gerais (Brazil)
_xISSN 0100-3364
_g(Jul 1981), v. 7(79) p. 48-53
_wBR8102546
909 _a202311
_bLúcia
_c55
_dLúcia Elande
942 _2AGRIS
_n0
_cANA
999 _c106725
_d106725